Platforma Cloud Computing pre Veľké dáta

Saved in:
Bibliographic Details
Main Author: Dorčák, Branislav (Author)
Other Authors: Baroňák, Ivan (Thesis advisor)
Format: Manuscript Book
Language:Slovak
Published: 2025
Subjects:
Online Access:http://is.stuba.sk/zp/portal_zp.pl?podrobnosti=184575
Tags: Add Tag
No Tags, Be the first to tag this record!

MARC

LEADER 00000ntm a22000003a 4500
001 stuzp102081
003 SK-STU
005 20250614210938.2
007 ta
008 150427s2015----xo-----f-mn---000-0-slo-d
040 |a STU  |b slo 
041 0 |a slo 
100 1 |a Dorčák, Branislav  |u 037000  |4 aut  |U FEI Fakulta elektrotechniky a informatiky  |T FEI Ústav multimediálnych informačných a komunikačných technológií  |X 92009  |U E070  |Y 818  |7 92009 
242 0 1 |a Cloud Computing Platform for Big Data  |y eng 
245 1 0 |a Platforma Cloud Computing pre Veľké dáta 
260 |c 2025 
650 4 |a On-Premise Cloud  |2 eng 
650 4 |a Elastic MapReduce  |2 eng 
650 4 |a Synapse Analytics  |2 eng 
650 4 |a Dataproc  |2 eng 
650 4 |a Google Cloud Platform  |2 eng 
650 4 |a Apache Spark  |2 eng 
650 4 |a Amazon Web Services  |2 eng 
650 4 |a Microsoft Azure  |2 eng 
650 4 |a analysis  |2 eng 
650 4 |a Big Data  |2 eng 
650 4 |a Cloud Computing  |2 eng 
650 4 |a analýza  |2 slo 
650 4 |a Apache Spark  |2 slo 
650 4 |a Elastic MapReduce  |2 slo 
650 4 |a Synapse Analytics  |2 slo 
650 4 |a lokálny Cloud  |2 slo 
650 4 |a Dataproc  |2 slo 
650 4 |a Google Cloud Platform  |2 slo 
650 4 |a Amazon Web Services  |2 slo 
650 4 |a Microsoft Azure  |2 slo 
650 4 |a Big Data  |2 slo 
650 4 |a Cloud Computing  |2 slo 
700 1 |a Baroňák, Ivan  |u 037000  |k Z1  |4 ths  |U FEI Fakulta elektrotechniky a informatiky  |T FEI Ústav multimediálnych informačných a komunikačných technológií  |X 1925  |U E070  |Y 818  |7 A000001925 
856 4 |u http://is.stuba.sk/zp/portal_zp.pl?podrobnosti=184575